| 000 | 00564nam a22001817a 4500 | ||
|---|---|---|---|
| 005 | 20250814065454.0 | ||
| 008 | 250814b |||||||| |||| 00| 0 eng d | ||
| 020 | _a9781991222596 | ||
| 041 | _aEnglish | ||
| 082 | _a340.1 NKH | ||
| 100 |
_aN Nkhwashu _cAdvocate _lEnglish |
||
| 245 |
_aThe Advocate's Journey into Financial Services Regulatory Law / _cN Nkhwashu |
||
| 260 |
_aPretoria: _bSamnko Books (Pty) Ltd, _c2020 |
||
| 300 |
_b250 pages; _c25 cm. |
||
| 650 |
_aLegal practice _bLaw |
||
| 700 | _cAdvocate | ||
| 942 |
_cBK _6ALISON_BN_VRIES |
||
| 999 |
_c3316 _d3316 |
||